000 00564cam a22002053a 4500
001 45838
003 PGUSA
005 20140828084051.0
008 140530s2014||||xxu|||||s|||||000 | eng d
040 _aPGUSA
_beng
042 _adc
100 1 _aCoit, Adelin Balch
245 1 4 _aThe ABC of Cooking
_h[electronic resource] /
_cAdelin Balch Coit
260 _bProject Gutenberg,
_c2014
506 _aPublic domain in the USA.
516 _aElectronic text
830 0 _aProject Gutenberg
_v45838
856 4 0 _uhttp://www.gutenberg.org/ebooks/45838
942 _cEB
999 _c275088
_d275088